书目信息 |
| 题名: |
城市空气污染预报
|
|
| 作者: | 王式功 主编 | |
| 分册: | ||
| 出版信息: | 北京 气象出版社 2021.03 |
|
| 页数: | 288页 | |
| 开本: | 26cm | |
| 丛书名: | ||
| 单 册: | ||
| 中图分类: | X51 | |
| 科图分类: | ||
| 主题词: | 城市空气污染--cheng shi kong qi wu ran--预报 | |
| 电子资源: | ||
| ISBN: | 978-7-5029-7104-5 | |
| 000 | 01352nam0 2200265 450 | |
| 001 | 202021193538 | |
| 005 | 20211025120141.0 | |
| 010 | @a978-7-5029-7104-5@b精装@dCNY180.00 | |
| 100 | @a20210930d2021 em y0chiy50 ea | |
| 101 | 0 | @achi |
| 102 | @aCN@b110000 | |
| 105 | @aak a 000yy | |
| 106 | @ar | |
| 200 | 1 | @a城市空气污染预报@Acheng shi kong qi wu ran yu bao@d= Urban air pollution forecast@f主编王式功@zeng |
| 210 | @a北京@c气象出版社@d2021.03 | |
| 215 | @a288页@c彩图@d26cm | |
| 300 | @a国家出版基金项目 | |
| 320 | @a有书目 (第272-288页) | |
| 330 | @a本书共分8章, 首先介绍了我国城市空气污染物来源及其时空变化特征、各种经典和新研发污染气象参数计算方法及其对空气质量变化的影响 ; 然后基于作者团队30多年来将天气动力学理论和方法应用于研究城市空气污染预报问题的成果积累及国内外相关研究进展, 重点推介复杂地形区域的污染天气分型、静稳型和沙尘型污染的差异以及冬季干西南涡对四川盆地形成重污染的“锅盖效应” ; 接着论述了冷锋和沙尘天气过境对途经之地所产生的大气环境效应及其影响机理 ; 最后对大气环境容量、空气污染统计预报和污染数值预报三方面做了系统介绍, 指出了各自在空气污染预报和防控中的作用、优势和不足。 | |
| 510 | 1 | @aUrban air pollution forecast@zeng |
| 606 | 0 | @a城市空气污染@Acheng shi kong qi wu ran@x预报 |
| 690 | @aX51@v5 | |
| 701 | 0 | @a王式功@Awang shi gong@4主编 |
| 801 | 0 | @aCN@c20210909 |
| 905 | @a河南城建学院图书馆@dX51@eW341 | |
| 城市空气污染预报= Urban air pollution forecast/主编王式功.-北京:气象出版社,2021.03 |
| 288页:彩图;26cm |
| 国家出版基金项目 |
| ISBN 978-7-5029-7104-5(精装):CNY180.00 |
| 本书共分8章, 首先介绍了我国城市空气污染物来源及其时空变化特征、各种经典和新研发污染气象参数计算方法及其对空气质量变化的影响 ; 然后基于作者团队30多年来将天气动力学理论和方法应用于研究城市空气污染预报问题的成果积累及国内外相关研究进展, 重点推介复杂地形区域的污染天气分型、静稳型和沙尘型污染的差异以及冬季干西南涡对四川盆地形成重污染的“锅盖效应” ; 接着论述了冷锋和沙尘天气过境对途经之地所产生的大气环境效应及其影响机理 ; 最后对大气环境容量、空气污染统计预报和污染数值预报三方面做了系统介绍, 指出了各自在空气污染预报和防控中的作用、优势和不足。 |
| ● |
| 相关链接 |
|
|
|
正题名:城市空气污染预报
索取号:X51/W341
 
预约/预借
| 序号 | 登录号 | 条形码 | 馆藏地/架位号 | 状态 | 备注 |
| 1 | 1542681 | 215426812 | 自科库501/501自科库 68排6列3层/ [索取号:X51/W341] | 在馆 |